[Event "Stuttgarter Stadtmeisterschaft 2010 B"]
[Site "Ditzingen"]
[Date "2010.05.13"]
[Round "1.26"]
[White "Steimbach, Isabel"]
[Black "Herbst, Rudolf"]
[Result "1-0"]
[WhiteElo "1543"]
[BlackElo "1765"]
[PlyCount "55"]
[EventDate "2010.??.??"]
[WhiteTeam "OSG Baden-Baden"]
[BlackTeam "SK Neuhausen"]

1. e4 c6 2. d4 d5 3. e5 Bf5 4. Bd3 Bxd3 5. Qxd3 e6 6. Nf3 Nd7 7. O-O c5 8. c3
Ne7 9. b3 Nc6 10. Be3 cxd4 11. cxd4 Be7 12. a3 Na5 13. Nbd2 O-O 14. b4 Nc6 15.
Nb3 Rc8 16. Rfc1 Nb6 17. b5 Nb8 18. Rxc8 Qxc8 19. Rc1 Nc4 20. Nbd2 Bxa3 21. Rc2
Be7 22. Nxc4 dxc4 23. Qxc4 Qxc4 24. Rxc4 Bd8 25. Bg5 f6 26. exf6 gxf6 27. Bh6
Rf7 28. Rc8 1-0

[Event "Stuttgarter Stadtmeisterschaft 2010 B"]
[Site "Ditzingen"]
[Date "2010.05.13"]
[Round "1.27"]
[White "Tölg, Wolfgang"]
[Black "Dölker, Kai"]
[Result "1-0"]
[WhiteElo "1756"]
[BlackElo "1540"]
[PlyCount "31"]
[EventDate "2010.??.??"]
[WhiteTeam "SF Oeffingen e.V."]
[BlackTeam "SV Stuttgart-Wolfbusch 1956 e.V."]

1. e4 c5 2. Nf3 d6 3. d4 cxd4 4. Nxd4 Nf6 5. Nc3 g6 6. Bc4 Bg7 7. Be3 O-O 8.
O-O Nc6 9. Qd2 Bd7 10. Rad1 Rc8 11. Bb3 Ne5 12. Qe2 Qc7 13. h3 Nc4 14. Ndb5
Bxb5 15. Nxb5 Qc6 16. Nxa7 1-0

[Event "Stuttgarter Stadtmeisterschaft 2010 B"]
[Site "Ditzingen"]
[Date "2010.05.13"]
[Round "1.28"]
[White "Mager, Denis"]
[Black "Schaffert, Walter"]
[Result "0-1"]
[WhiteElo "1538"]
[BlackElo "1756"]
[PlyCount "68"]
[EventDate "2010.??.??"]
[WhiteTeam "SAbt TuS Makkabi Ffm"]
[BlackTeam "SG Ludwigsburg 1919"]

1. Nf3 e6 2. d4 f5 3. c4 b6 4. Nc3 Bb4 5. a3 Bxc3+ 6. bxc3 Bb7 7. Bf4 Nf6 8. e3
O-O 9. Bd3 d6 10. O-O Nbd7 11. Ng5 Qe7 12. f3 e5 13. Bg3 exd4 14. Re1 dxe3 15.
Bf4 h6 16. Rxe3 Ne5 17. Nh3 Nfd7 18. Qc2 Qf6 19. Rd1 Rae8 20. Bxe5 Rxe5 21.
Rde1 Rfe8 22. Rxe5 Rxe5 23. Rxe5 Qxe5 24. Kf2 g6 25. Qd2 Kg7 26. g3 Qc5+ 27.
Kg2 Ne5 28. Ng1 Qxg1+ 29. Kxg1 Nxf3+ 30. Kf2 Nxd2 31. Ke3 Nf3 32. h3 Kf6 33.
Kf4 Ne5 34. Be2 Ba6 0-1

[Event "Stuttgarter Stadtmeisterschaft 2010 B"]
[Site "Ditzingen"]
[Date "2010.05.13"]
[Round "1.29"]
[White "Buzan, Raffael"]
[Black "Schmidt, Tobias"]
[Result "1-0"]
[WhiteElo "1746"]
[BlackElo "1537"]
[PlyCount "75"]
[EventDate "2010.??.??"]
[WhiteTeam "SAbt VfL Sindelfingen"]
[BlackTeam "SC Tamm 74"]

1. d4 d5 2. c4 dxc4 3. e3 Nf6 4. Bxc4 e6 5. Nf3 a6 6. Nc3 b5 7. Be2 c5 8. b3
Nc6 9. O-O Bb7 10. dxc5 Qxd1 11. Rxd1 Bxc5 12. Bb2 O-O 13. Rac1 Be7 14. Ng5 h6
15. Nge4 b4 16. Nxf6+ Bxf6 17. Na4 Bxb2 18. Nxb2 Rfd8 19. Rxd8+ Nxd8 20. Nd3 a5
21. Ne5 Kf8 22. Rc7 Be4 23. Bf3 Bxf3 24. gxf3 Ke8 25. Kg2 Kf8 26. h4 g6 27. Kg3
Kg7 28. Rc5 Nb7 29. Rb5 Ra7 30. Nc6 Nd6 31. Nxa7 Nxb5 32. Nxb5 Kf6 33. f4 g5
34. fxg5+ hxg5 35. hxg5+ Kxg5 36. f4+ Kf6 37. Nd4 e5 38. Nc6 1-0

[Event "Stuttgarter Stadtmeisterschaft 2010 B"]
[Site "Ditzingen"]
[Date "2010.05.13"]
[Round "1.30"]
[White "Hengster, Pascal"]
[Black "Schmitz, Harald"]
[Result "1-0"]
[WhiteElo "1514"]
[BlackElo "1741"]
[PlyCount "48"]
[EventDate "2010.??.??"]
[WhiteTeam "SC Affalterbach"]
[BlackTeam "SG Fasanenhof"]

1. d4 d5 2. Nf3 Nf6 3. e3 e6 4. Bd3 c5 5. c3 Nc6 6. Nbd2 Bd7 7. O-O cxd4 8.
exd4 Bd6 9. Re1 Qc7 10. Qe2 O-O 11. Ne5 Rad8 12. Nf1 Rfe8 13. Bg5 Be7 14. Qf3
h6 15. Bxh6 Nxe5 16. dxe5 Ne4 17. Bxg7 Kxg7 18. Bxe4 dxe4 19. Rxe4 f5 20. exf6+
Bxf6 21. Ng3 Bg5 22. h4 Bh6 23. Rg4+ Kh8 24. Qf6+ Kh7 1-0

[Event "Stuttgarter Stadtmeisterschaft 2010 B"]
[Site "Ditzingen"]
[Date "2010.05.13"]
[Round "1.31"]
[White "Winkler, Tim"]
[Black "Reiß, Michael"]
[Result "1/2-1/2"]
[WhiteElo "1736"]
[BlackElo "1509"]
[PlyCount "71"]
[EventDate "2010.??.??"]
[WhiteTeam "SF Deizisau"]
[BlackTeam "SK 1926 Ettlingen"]

1. e4 d5 2. exd5 Qxd5 3. Nc3 Qa5 4. Nf3 Nf6 5. d3 c6 6. Be2 e6 7. O-O Nbd7 8.
Bf4 g6 9. Ne4 Nxe4 10. dxe4 e5 11. Bg3 Bg7 12. c3 O-O 13. b4 Qc7 14. Qb3 Bf6
15. Rfd1 b6 16. a4 Bb7 17. Rd2 c5 18. Rad1 Rad8 19. Bb5 Bc6 20. Nxe5 Bxe5 21.
Bxc6 Bxg3 22. Bxd7 Bxh2+ 23. Kh1 Bf4 24. Rd5 Be5 25. bxc5 bxc5 26. Qc4 Bg7 27.
Qxc5 Rxd7 28. Qxf8+ Bxf8 29. Rxd7 Qxc3 30. Rxa7 Qc2 31. Rd8 Qxe4 32. Raa8 Qe1+
33. Kh2 Qe5+ 34. g3 Qe2 35. Rxf8+ Kg7 36. Rg8+ 1/2-1/2

[Event "Stuttgarter Stadtmeisterschaft 2010 B"]
[Site "Ditzingen"]
[Date "2010.05.13"]
[Round "1.32"]
[White "Giugno, Carmelo"]
[Black "Srokovskiy, Andrea"]
[Result "0-1"]
[WhiteElo "1506"]
[BlackElo "1726"]
[PlyCount "80"]
[EventDate "2010.??.??"]

1. d4 d5 2. c4 e6 3. Nf3 c5 4. e3 Nf6 5. Nc3 Nc6 6. a3 b6 7. cxd5 exd5 8. Bb5
Bb7 9. Ne5 Rc8 10. Qa4 Qc7 11. e4 cxd4 12. Nxc6 Bxc6 13. Qxd4 Bxb5 14. Nxb5
Qxc1+ 15. Rxc1 Rxc1+ 16. Kd2 Rxh1 17. Qe5+ Be7 18. exd5 O-O 19. Qxe7 Nxd5 20.
Qg5 Nf6 21. Qf4 a6 22. Nc3 h6 23. Qd6 Re8 24. Qxb6 Rxh2 25. Qxa6 Rxg2 26. Qf1
Rg5 27. Qd3 h5 28. Kc2 h4 29. f4 Rg2+ 30. Kb3 Rb8+ 31. Ka4 Rgxb2 32. Qf3 h3 33.
Nb5 h2 34. Nd6 Rb1 35. Nf5 h1=Q 36. Qxh1 Rxh1 37. Ne7+ Kf8 38. Nc6 Rb6 39. Ne7
Rhb1 40. Ka5 Rb8 0-1

[Event "Stuttgarter Stadtmeisterschaft 2010 B"]
[Site "Ditzingen"]
[Date "2010.05.13"]
[Round "1.33"]
[White "Wang, Julia"]
[Black "Herkommer, Andreas"]
[Result "1-0"]
[WhiteElo "1722"]
[BlackElo "1501"]
[PlyCount "53"]
[EventDate "2010.??.??"]

1. e4 e5 2. f4 exf4 3. Nf3 d6 4. d4 g5 5. Bc4 g4 6. O-O gxf3 7. Qxf3 Qf6 8. e5
dxe5 9. dxe5 Qf5 10. Qc3 Be6 11. Rxf4 Qh5 12. Bxe6 fxe6 13. Qxc7 Qd1+ 14. Rf1
Qd7 15. Rf7 Bc5+ 16. Qxc5 Kxf7 17. Nc3 Nc6 18. Be3 Nge7 19. Ne4 Nf5 20. Rf1 Qd5
21. Rxf5+ Kg7 22. Rg5+ Kf7 23. Nd6+ Kf8 24. Rf5+ Kg7 25. Rf7+ Kg8 26. Qxd5 exd5
27. Bh6 1-0

[Event "Stuttgarter Stadtmeisterschaft 2010 B"]
[Site "Ditzingen"]
[Date "2010.05.13"]
[Round "1.34"]
[White "Parvin, Shahram"]
[Black "Domingos, Antonio"]
[Result "1-0"]
[WhiteElo "1471"]
[BlackElo "1715"]
[PlyCount "123"]
[EventDate "2010.??.??"]

1. d4 e6 2. c4 Nf6 3. Bg5 h6 4. Bxf6 Qxf6 5. e3 b6 6. Nf3 Bb7 7. Nbd2 Be7 8.
Qc2 O-O 9. Bd3 d5 10. h4 Nc6 11. a3 Rac8 12. Ng5 g6 13. Ngf3 Na5 14. cxd5 exd5
15. Ne5 Qg7 16. h5 Bf6 17. Ndf3 c5 18. Qa4 cxd4 19. Nd7 Rfe8 20. Nxf6+ Qxf6 21.
Qxd4 Qxd4 22. Nxd4 g5 23. Ke2 Nc6 24. Nf5 Re6 25. Kd2 Ne7 26. Rhg1 Rc7 27. Rac1
Rxc1 28. Nxe7+ Rxe7 29. Rxc1 Kg7 30. g3 Kf6 31. Be2 Ke5 32. g4 Kd6 33. Rf1 f6
34. f4 Re6 35. fxg5 fxg5 36. Rf7 Re7 37. Rxe7 Kxe7 38. Bf3 Kf6 39. Kd3 Ke5 40.
b4 Ba6+ 41. Kd2 Bc4 42. Kc3 b5 43. Kd2 d4 44. Bc6 dxe3+ 45. Kxe3 Bf1 46. Bf3
Bh3 47. Be2 Kd5 48. Kd3 Ke5 49. Ke3 Kd5 50. Kf3 a6 51. Kg3 Kd4 52. Kxh3 Kc3 53.
Bd1 Kb2 54. a4 Kc3 55. axb5 axb5 56. Kg3 Kxb4 57. Kf3 Kc3 58. Ke4 b4 59. Kf5
Kd4 60. Kg6 Ke5 61. Kxh6 Kf6 62. Bb3 1-0

[Event "Stuttgarter Stadtmeisterschaft 2010 B"]
[Site "Ditzingen"]
[Date "2010.05.13"]
[Round "1.35"]
[White "Knolmayer, Volker"]
[Black "Burkhardt, Adrian"]
[Result "1-0"]
[WhiteElo "1714"]
[BlackElo "1436"]
[PlyCount "101"]
[EventDate "2010.??.??"]

1. e4 e6 2. Be2 d5 3. exd5 exd5 4. d4 Nf6 5. Nf3 c5 6. O-O h6 7. c4 Be6 8. b3
Nc6 9. Bb2 Be7 10. dxc5 O-O 11. Nbd2 Bxc5 12. Rc1 dxc4 13. Nxc4 Qxd1 14. Rcxd1
Nd5 15. Bd3 Bg4 16. Be4 Nde7 17. h3 Bxf3 18. Bxf3 Rad8 19. Ne5 Bb6 20. a3 Rxd1
21. Rxd1 Rd8 22. Rxd8+ Bxd8 23. Kf1 Nxe5 24. Bxe5 Nc6 25. Bxc6 bxc6 26. Ke2 f6
27. Bd4 Bb6 28. Bxb6 axb6 29. Kd3 Kf7 30. a4 Ke6 31. Kc4 Kd6 32. b4 Kc7 33. f4
g6 34. a5 bxa5 35. bxa5 f5 36. Kc5 g5 37. g3 Kb7 38. a6+ Kxa6 39. Kxc6 Ka5 40.
Kd5 Kb5 41. Ke5 Kc5 42. Kxf5 Kd4 43. fxg5 hxg5 44. Kxg5 Ke5 45. h4 Ke6 46. Kg6
Ke7 47. h5 Kf8 48. g4 Kg8 49. g5 Kh8 50. Kf7 Kh7 51. g6+ 1-0

[Event "Stuttgarter Stadtmeisterschaft 2010 B"]
[Site "Ditzingen"]
[Date "2010.05.13"]
[Round "1.36"]
[White "Sigmund, Wolfgang"]
[Black "Schreiber, Stephan"]
[Result "0-1"]
[WhiteElo "1421"]
[BlackElo "1703"]
[PlyCount "116"]
[EventDate "2010.??.??"]

1. d4 e5 2. dxe5 Nc6 3. Nf3 Qe7 4. Bd2 Nxe5 5. Nxe5 Qxe5 6. Bc3 Qg5 7. e4 Nf6
8. Nd2 Bc5 9. Nf3 Qg6 10. Bd3 Qxg2 11. Rf1 Ng4 12. Qe2 f6 13. O-O-O Bxf2 14.
Rxf2 Qxf2 15. Rg1 Qxe2 16. Bxe2 d6 17. h3 Nf2 18. Rxg7 Nxe4 19. Bd4 c5 20. Be3
h5 21. Bb5+ Kf8 22. Rc7 Bxh3 23. Nh4 Be6 24. Ng6+ Kg8 25. Ne7+ Kf7 26. Nf5+ Kf8
27. Nh4 Bf7 28. Nf5 a6 29. Bd7 Bg6 30. Nxd6 Nxd6 31. Bxc5 Ke7 32. Bf5+ Kd8 33.
Rd7+ Ke8 34. Be6 Bf7 35. Bh3 Rd8 36. Rc7 f5 37. Bg2 Rd7 38. Bxd6 Rxd6 39. Bxb7
Kd8 40. Rc8+ Ke7 41. Rxh8 Kf6 42. Rh6+ Bg6 43. Rh8 Kg5 44. c4 Rb6 45. Bd5 f4
46. c5 Rb4 47. Rc8 Bf5 48. Rc7 h4 49. Bf3 h3 50. c6 Rc4+ 51. Kd2 Rc2+ 52. Ke1
Rxb2 53. Rf7 h2 54. Bh1 Rb1+ 55. Kd2 Rxh1 56. Rxf5+ Kxf5 57. c7 Rc1 58. Kxc1
h1=Q+ 0-1

[Event "Stuttgarter Stadtmeisterschaft 2010 B"]
[Site "Ditzingen"]
[Date "2010.05.13"]
[Round "1.37"]
[White "Werner, Stefan"]
[Black "Dallinger, Moritz"]
[Result "1-0"]
[WhiteElo "1703"]
[BlackElo "1418"]
[PlyCount "99"]
[EventDate "2010.??.??"]

1. e4 c5 2. Nf3 e6 3. d4 cxd4 4. Nxd4 a6 5. Nc3 Qc7 6. Be2 b5 7. a3 Bb7 8. Be3
Nf6 9. f3 d5 10. exd5 Nxd5 11. Nxd5 Bxd5 12. Rc1 Be7 13. c4 bxc4 14. Qa4+ Nd7
15. Bxc4 Bxc4 16. Qxc4 Qe5 17. Kf2 O-O 18. b4 Nb6 19. Qe2 Nd5 20. Nc6 Qd6 21.
Nxe7+ Qxe7 22. Bc5 Nf4 23. Bxe7 Nxe2 24. Kxe2 Rfe8 25. Rc7 f6 26. Rd1 Rac8 27.
Rdd7 Rxc7 28. Rxc7 Kf7 29. Bc5+ Kg6 30. Ra7 e5 31. Rxa6 e4 32. fxe4 Rxe4+ 33.
Kf3 Rh4 34. h3 Rc4 35. a4 Rc3+ 36. Be3 Rc4 37. b5 Rb4 38. b6 Kf7 39. Ra7+ Ke6
40. a5 g5 41. Rxh7 Kd6 42. a6 Rxb6 43. Bxb6 Kc6 44. a7 Kxb6 45. a8=Q Kc5 46.
Qd8 g4+ 47. hxg4 f5 48. Rc7+ Kb4 49. Qb8+ Ka4 50. Ra7# 1-0

[Event "Stuttgarter Stadtmeisterschaft 2010 B"]
[Site "Ditzingen"]
[Date "2010.05.13"]
[Round "1.38"]
[White "Grunow, Carmen"]
[Black "Helfrich, Leo"]
[Result "0-1"]
[WhiteElo "1418"]
[BlackElo "1701"]
[PlyCount "52"]
[EventDate "2010.??.??"]

1. e4 d6 2. Nf3 Nf6 3. Nc3 g6 4. Bc4 Bg7 5. d4 O-O 6. Be3 c6 7. Bb3 b5 8. a3 a5
9. O-O Ba6 10. Re1 Qc7 11. Bf4 Nh5 12. Qd2 Nxf4 13. Qxf4 e5 14. dxe5 dxe5 15.
Qh4 h6 16. Rad1 Nd7 17. Rd2 Nc5 18. Ba2 b4 19. axb4 axb4 20. Nd5 cxd5 21. Bxd5
Bb7 22. Bc4 Nd7 23. b3 Nf6 24. Red1 Bxe4 25. Qh3 Bf5 26. Qg3 Ne4 0-1

[Event "Stuttgarter Stadtmeisterschaft 2010 B"]
[Site "Ditzingen"]
[Date "2010.05.13"]
[Round "1.39"]
[White "Wenzel, Ulrich"]
[Black "Kanz, Edwin"]
[Result "1/2-1/2"]
[WhiteElo "1699"]
[BlackElo "1414"]
[PlyCount "117"]
[EventDate "2010.??.??"]

1. d4 Nf6 2. Nf3 d5 3. e3 Bg4 4. h3 Bh5 5. g4 Bg6 6. Ne5 Nbd7 7. h4 h6 8. Nxg6
fxg6 9. Bd3 Nb6 10. Bxg6+ Kd7 11. Nd2 e6 12. Qe2 Kc8 13. Bd3 c6 14. b3 Bd6 15.
Bb2 Qe7 16. O-O-O Ne8 17. f4 Kb8 18. g5 a5 19. a4 Rf8 20. Rdg1 hxg5 21. hxg5
Ba3 22. Nb1 Bxb2+ 23. Kxb2 Nd6 24. Nd2 Nf5 25. Nf3 Qb4 26. Ka2 Ka7 27. Qe1 Nc8
28. Qxb4 axb4 29. Bxf5 exf5 30. Kb2 Nd6 31. Rh7 Rf7 32. Ne5 Re7 33. Rgh1 Kb6
34. R1h3 Kc7 35. Nd3 b5 36. axb5 Nxb5 37. Nxb4 Kb6 38. c3 Nc7 39. Nd3 Ne6 40.
Rh8 Ra5 41. Rb8+ Kc7 42. Rb4 Kd6 43. Ne5 Rea7 44. Ra4 Rxa4 45. bxa4 Rxa4 46.
Rh8 Ra6 47. Rb8 c5 48. Rb7 cxd4 49. cxd4 Nc7 50. Kc2 Ra2+ 51. Rb2 Ra1 52. Kd2
Rh1 53. Kd3 Rd1+ 54. Rd2 Rb1 55. Kc3 Nb5+ 56. Kd3 Rb3+ 57. Ke2 Nc3+ 58. Kf3 Ne4
59. Rc2 1/2-1/2

[Event "Stuttgarter Stadtmeisterschaft 2010 B"]
[Site "Ditzingen"]
[Date "2010.05.13"]
[Round "1.40"]
[White "Vogel, Karlheinz"]
[Black "Gheng, Hannelore"]
[Result "1-0"]
[WhiteElo "1408"]
[BlackElo "1692"]
[PlyCount "81"]
[EventDate "2010.??.??"]

1. d4 g6 2. c4 d6 3. Nc3 Bg7 4. e4 f5 5. f3 Nf6 6. Be3 Nc6 7. Qd2 e5 8. dxe5
Nxe5 9. Bh6 Qe7 10. Bxg7 Qxg7 11. Bd3 Be6 12. Qe2 Nh5 13. g3 Qh6 14. Nh3 f4 15.
g4 Nf6 16. Nf2 Qh4 17. O-O-O Rc8 18. Nd5 c6 19. Nxf6+ Qxf6 20. Kb1 O-O 21. Rc1
d5 22. cxd5 cxd5 23. exd5 Bxd5 24. Be4 Bc4 25. Rxc4 Nxc4 26. Bd5+ Kg7 27. Bxc4
Rfe8 28. Ne4 Qd4 29. Bb3 Rc6 30. Rd1 Qb4 31. Qd2 Rxe4 32. fxe4 Qxe4+ 33. Qd3
Qe3 34. Qxe3 fxe3 35. Re1 Rf6 36. Rxe3 Rf1+ 37. Kc2 Rf2+ 38. Kc1 Rxh2 39. Re7+
Kf6 40. Rxb7 Rg2 41. Rxh7 1-0

[Event "Stuttgarter Stadtmeisterschaft 2010 B"]
[Site "Ditzingen"]
[Date "2010.05.13"]
[Round "1.41"]
[White "Philippin, Otto"]
[Black "Obermeier, Carl"]
[Result "1-0"]
[WhiteElo "1692"]
[BlackElo "1392"]
[PlyCount "57"]
[EventDate "2010.??.??"]

1. f4 c5 2. Nf3 Nf6 3. b3 g6 4. Bb2 Bg7 5. e3 d6 6. Bb5+ Bd7 7. Bxd7+ Nbxd7 8.
c4 O-O 9. O-O a6 10. Qe2 Re8 11. Na3 e6 12. e4 Nb6 13. d4 Nbd7 14. e5 dxe5 15.
fxe5 Ng4 16. h3 Nh6 17. d5 exd5 18. cxd5 Nf5 19. Rfe1 Qb6 20. Nc4 Qc7 21. a4
Nxe5 22. Nfxe5 f6 23. Rad1 fxe5 24. d6 Qd8 25. Qe4 Nd4 26. Qd5+ Kh8 27. Nxe5
Bxe5 28. Rxe5 b6 29. Rxd4 1-0

[Event "Stuttgarter Stadtmeisterschaft 2010 B"]
[Site "Ditzingen"]
[Date "2010.05.13"]
[Round "1.42"]
[White "Winkler, Alex"]
[Black "Duran, Suat"]
[Result "0-1"]
[WhiteElo "1347"]
[BlackElo "1687"]
[PlyCount "40"]
[EventDate "2010.??.??"]

1. e4 c6 2. d4 d5 3. Nc3 dxe4 4. Nxe4 Bf5 5. Ng3 Bg6 6. Nf3 e6 7. Bd3 Nd7 8.
Bf4 Ngf6 9. O-O Nd5 10. Bxg6 Nxf4 11. Be4 Nf6 12. Qd2 Bd6 13. Rae1 Nxe4 14.
Rxe4 Ng6 15. Ng5 Bf4 16. Rxf4 Qxg5 17. Ne2 Nxf4 18. Nxf4 O-O 19. Re1 Rad8 20.
Re4 e5 0-1

[Event "Stuttgarter Stadtmeisterschaft 2010 B"]
[Site "Ditzingen"]
[Date "2010.05.13"]
[Round "1.43"]
[White "Lebeda, Lukas"]
[Black "Grözinger, Werner"]
[Result "1-0"]
[WhiteElo "1686"]
[BlackElo "1340"]
[PlyCount "111"]
[EventDate "2010.??.??"]

1. c4 Nf6 2. Nc3 e6 3. Nf3 b6 4. g3 Bb7 5. Bg2 d6 6. O-O Nbd7 7. d4 g6 8. b3
Bg7 9. Bb2 O-O 10. Qc2 a6 11. a4 c5 12. e3 Qc7 13. Rad1 Rad8 14. e4 Qb8 15. d5
e5 16. Ne2 Bc8 17. Nd2 Bh6 18. f4 Ng4 19. Qc3 Bg7 20. Nf3 Ngf6 21. fxe5 dxe5
22. Ne1 Qd6 23. h3 Ne8 24. g4 f6 25. Ng3 Bh6 26. Rf3 Nb8 27. Nd3 Rd7 28. Rdf1
Rdf7 29. a5 Rb7 30. axb6 Rxb6 31. Ba3 Nd7 32. b4 Qb8 33. Nxc5 Rf7 34. Nxd7 Bxd7
35. c5 Rb5 36. Rb1 a5 37. Bf1 axb4 38. Rxb4 Rxb4 39. Qxb4 Qxb4 40. Bxb4 Bc8 41.
c6 Bf8 42. Bxf8 Kxf8 43. Ra3 Rc7 44. Ra8 Ke7 45. Ba6 Nd6 46. Bxc8 Nxc8 47. Kf2
Kd6 48. Ke2 Kc5 49. Kd3 Kd6 50. Ne2 h6 51. Nc3 Ke7 52. Nb5 Kd8 53. Nxc7 Kxc7
54. Rxc8+ Kxc8 55. d6 f5 56. exf5 1-0

[Event "Stuttgarter Stadtmeisterschaft 2010 B"]
[Site "Ditzingen"]
[Date "2010.05.13"]
[Round "1.44"]
[White "Moll, Nino"]
[Black "Weisensel, Wolfgang"]
[Result "1-0"]
[WhiteElo "1336"]
[BlackElo "1685"]
[PlyCount "31"]
[EventDate "2010.??.??"]
[WhiteTeam "SC Leinfelden"]
[BlackTeam "Stuttgarter SF 1879"]

1. b3 e5 2. Bb2 Nc6 3. e3 Nf6 4. Bb5 d6 5. Nf3 Bd7 6. d4 exd4 7. Nxd4 Be7 8.
Nxc6 Bxc6 9. Bxc6+ bxc6 10. O-O O-O 11. Qf3 Qd7 12. Nc3 Rfe8 13. Rad1 Qg4 14.
Qxg4 Nxg4 15. h3 Nf6 16. Ne2 {Partie unvollständig, 1:0 im 48.(?) Zug} 1-0

[Event "Stuttgarter Stadtmeisterschaft 2010 B"]
[Site "Ditzingen"]
[Date "2010.05.13"]
[Round "1.45"]
[White "Holzner, Tony"]
[Black "Kalwei, Reinhard"]
[Result "1-0"]
[WhiteElo "1685"]
[BlackElo "1319"]
[PlyCount "85"]
[EventDate "2010.??.??"]

1. e4 e5 2. Nf3 Nc6 3. d4 exd4 4. Nxd4 Nf6 5. Nc3 a6 6. Be2 Bc5 7. Nxc6 bxc6 8.
O-O O-O 9. Bg5 Re8 10. Kh1 d6 11. f4 h6 12. Bh4 Qe7 13. Bf3 Bb7 14. a3 Bb6 15.
h3 c5 16. e5 Bxf3 17. Qxf3 dxe5 18. fxe5 Qxe5 19. Bxf6 Qxf6 20. Qxf6 gxf6 21.
Rxf6 Kg7 22. Raf1 Rf8 23. Nd5 Rae8 24. R1f3 Re6 25. Rg3+ Kh7 26. Rf5 f6 27. c4
Ba7 28. Ne3 Rc8 29. Ng4 Rf8 30. Rd3 Kg6 31. Rf1 c6 32. Rd7 Rf7 33. Rd8 Kg7 34.
Rfd1 Rfe7 35. Kg1 Bb6 36. R8d7 Rxd7 37. Rxd7+ Kg6 38. Kf2 f5 39. Nh2 Ba5 40.
Nf3 Kf6 41. Ra7 Re4 42. Rxa6 Bd8 43. Rxc6+ 1-0

[Event "Stuttgarter Stadtmeisterschaft 2010 B"]
[Site "Ditzingen"]
[Date "2010.05.13"]
[Round "1.46"]
[White "Griesche, Veit"]
[Black "Körber, Christian"]
[Result "0-1"]
[WhiteElo "1302"]
[BlackElo "1669"]
[PlyCount "58"]
[EventDate "2010.??.??"]

1. Nf3 Nf6 2. d4 e6 3. c4 b6 4. e3 Bb7 5. Be2 c5 6. O-O d5 7. Nc3 Nbd7 8. Qc2
dxc4 9. e4 cxd4 10. Nxd4 Rc8 11. Bf4 e5 12. Bxe5 Nxe5 13. Nf5 g6 14. Rad1 Qc7
15. Ne3 Bg7 16. Nb5 Qb8 17. Nd6+ Ke7 18. Nxc8+ Rxc8 19. Nd5+ Nxd5 20. exd5 b5
21. Rfe1 Kf8 22. d6 Rd8 23. Qd2 Bc8 24. f4 Qb6+ 25. Kh1 Ng4 26. Bxg4 Bxg4 27.
Qb4 a5 28. d7+ axb4 29. Re8+ Rxe8 0-1

[Event "Stuttgarter Stadtmeisterschaft 2010 B"]
[Site "Ditzingen"]
[Date "2010.05.13"]
[Round "1.47"]
[White "Götzfried, Rudolf"]
[Black "Sievers, Gerda"]
[Result "1-0"]
[WhiteElo "1668"]
[BlackElo "1206"]
[PlyCount "117"]
[EventDate "2010.??.??"]

1. d4 f5 2. Nc3 e6 3. e3 Nf6 4. Nf3 d5 5. Bd3 c6 6. Ne2 Bd6 7. c4 O-O 8. O-O
Ne4 9. Qc2 a6 10. cxd5 cxd5 11. Bxe4 fxe4 12. Ne5 Nd7 13. Nxd7 Bxd7 14. Nf4 Rc8
15. Qb3 b5 16. Nxd5 Rc4 17. Nf4 Qe8 18. Bd2 Kh8 19. Rac1 Rxc1 20. Rxc1 e5 21.
dxe5 Bxe5 22. Qd5 Bxb2 23. Rc7 Bf5 24. Bb4 Qd8 25. Bxf8 Qxc7 26. h3 Qc8 27. Bc5
h6 28. Nh5 Kh7 29. Bd4 Bxd4 30. Qxd4 Qd7 31. Ng3 Qxd4 32. exd4 Kg6 33. Kf1 Kg5
34. Ke2 Bg6 35. Ke3 Bf7 36. a3 a5 37. Nxe4+ Kg6 38. Nd6 b4 39. axb4 a4 40. Kd2
Bd5 41. b5 Bxg2 42. b6 a3 43. Kc2 Kf6 44. b7 Bxb7 45. Nxb7 Ke6 46. Kb3 Kd5 47.
Nd8 g5 48. Nf7 Kxd4 49. Kxa3 Ke4 50. Nxh6 Kf4 51. Nf7 Kf3 52. Nxg5+ Kf4 53. Nf7
Kf5 54. Kb3 Kf6 55. Kc4 Kxf7 56. Kd4 Kf6 57. Ke4 Kg5 58. f4+ Kf6 59. h4 1-0

[Event "Stuttgarter Stadtmeisterschaft 2010 B"]
[Site "Ditzingen"]
[Date "2010.05.13"]
[Round "2.1"]
[White "Srokovskiy, Andrea"]
[Black "Felser, Martin"]
[Result "1/2-1/2"]
[WhiteElo "1726"]
[BlackElo "1894"]
[PlyCount "49"]
[EventDate "2010.??.??"]
[WhiteTeam "OSG Baden-Baden"]
[BlackTeam "SK Marktoberdorf"]

1. d4 Nf6 2. e3 e6 3. Nf3 b6 4. Bd3 Bb7 5. O-O d5 6. b3 Be7 7. Bb2 O-O 8. Nbd2
Nbd7 9. Rc1 c5 10. Qe2 cxd4 11. exd4 Rc8 12. Ne5 Rc7 13. Ndf3 Bb4 14. c4 Qe7
15. Rc2 Nxe5 16. Nxe5 Rfc8 17. Rfc1 Ba3 18. Bxa3 Qxa3 19. Qd2 Qd6 20. b4 dxc4
21. Rxc4 Rxc4 22. Rxc4 Rxc4 23. Nxc4 Qd5 24. Ne3 Qc6 25. Qc2 1/2-1/2

[Event "Stuttgarter Stadtmeisterschaft 2010 B"]
[Site "Ditzingen"]
[Date "2010.05.13"]
[Round "2.3"]
[White "Cosic, Dzafer"]
[Black "Knolmayer, Volker"]
[Result "1-0"]
[WhiteElo "1879"]
[BlackElo "1714"]
[PlyCount "39"]
[EventDate "2010.??.??"]
[WhiteTeam "SC Erdmannhausen"]
[BlackTeam "SAbt SG Bettringen"]

1. e4 e5 2. Nf3 Nc6 3. Nc3 d6 4. Be2 f5 5. d4 exd4 6. Nxd4 Nxd4 7. Qxd4 Nf6 8.
Bg5 Be7 9. O-O-O Be6 10. e5 Ne4 11. Nxe4 Bxg5+ 12. Nxg5 Qxg5+ 13. f4 Qxg2 14.
Bb5+ c6 15. Qxd6 Bd5 16. Rhg1 Qxh2 17. Rxg7 Qxf4+ 18. Kb1 Qh4 19. Rxd5 Rd8 20.
Qe6+ 1-0

[Event "Stuttgarter Stadtmeisterschaft 2010 B"]
[Site "Ditzingen"]
[Date "2010.05.13"]
[Round "2.4"]
[White "Mages, Steffen"]
[Black "Werner, Stefan"]
[Result "1-0"]
[WhiteElo "1865"]
[BlackElo "1703"]
[PlyCount "59"]
[EventDate "2010.??.??"]
[WhiteTeam "SK Schwäbisch Hall"]
[BlackTeam "SSV Zuffenhausen"]

1. e4 e5 2. Nf3 Nc6 3. Bc4 Bc5 4. c3 Nf6 5. d4 exd4 6. e5 d5 7. Bb5 Ne4 8. cxd4
Bb4+ 9. Bd2 Bxd2+ 10. Nbxd2 Bg4 11. Bxc6+ bxc6 12. Qc2 Nxd2 13. Nxd2 Bd7 14.
Nb3 Rb8 15. Qc5 Rb6 16. O-O Qe7 17. Rac1 Qxc5 18. Rxc5 Ke7 19. Rfc1 Rhb8 20.
Kf1 Ke8 21. Ra5 a6 22. Ke2 Ra8 23. Kd2 Rb5 24. Rc5 Rxc5 25. Rxc5 Rb8 26. Kc3
Rb5 27. Rxb5 axb5 28. Kb4 c5+ 29. Kxc5 c6 30. Kb6 1-0

[Event "Stuttgarter Stadtmeisterschaft 2010 B"]
[Site "Ditzingen"]
[Date "2010.05.13"]
[Round "2.5"]
[White "Schreiber, Stephan"]
[Black "Luft, Jakob"]
[Result "0-1"]
[WhiteElo "1703"]
[BlackElo "1862"]
[PlyCount "148"]
[EventDate "2010.??.??"]
[WhiteTeam "SC Schachmatt Botnang"]
[BlackTeam "SV Untertürkheim e.V."]

1. d4 d5 2. Bf4 Nf6 3. e3 Nbd7 4. Nf3 e6 5. Bd3 c5 6. c3 Be7 7. h3 Qb6 8. Qc1
h6 9. Nbd2 g5 10. Be5 Nxe5 11. Nxe5 Bd6 12. Ndf3 a6 13. b3 cxd4 14. cxd4 Qa5+
15. Nd2 Bb4 16. a3 Bxd2+ 17. Qxd2 Qb6 18. b4 Bd7 19. Nxd7 Nxd7 20. Rc1 Ke7 21.
O-O Qd6 22. Rc2 Rhc8 23. Rfc1 Rxc2 24. Qxc2 Rb8 25. Be2 Rh8 26. Qc7 Qxc7 27.
Rxc7 Rb8 28. Kf1 Kd6 29. Rc2 Nb6 30. Ke1 f6 31. Kd2 e5 32. dxe5+ fxe5 33. f3
Rf8 34. Rc1 Na4 35. Bd1 Nb6 36. Bb3 e4 37. Ke2 exf3+ 38. gxf3 Re8 39. Rd1 Ke5
40. a4 Rc8 41. Rd3 Rc1 42. Kd2 Rh1 43. a5 Nc4+ 44. Bxc4 dxc4 45. Rc3 Rh2+ 46.
Ke1 Kd5 47. Kf1 Rb2 48. f4 Rb3 49. e4+ Kd4 50. Rc1 Rf3+ 51. Ke2 Rxf4 52. Rd1+
Kc3 53. Rd7 Rxe4+ 54. Kf2 Rf4+ 55. Ke3 Kxb4 56. Rxb7+ Kxa5 57. Ke2 Rh4 58. Rc7
Kb4 59. Rb7+ Kc3 60. Ra7 Rxh3 61. Rxa6 Rh2+ 62. Ke1 h5 63. Kf1 g4 64. Kg1 g3
65. Rg6 h4 66. Rg8 Rd2 67. Rh8 Rd4 68. Kg2 Kc2 69. Kf3 c3 70. Ke2 Kc1 71. Ke3
Rg4 72. Kf3 Rg7 73. Ra8 c2 74. Ra2 Rb7 0-1

[Event "Stuttgarter Stadtmeisterschaft 2010 B"]
[Site "Ditzingen"]
[Date "2010.05.13"]
[Round "2.6"]
[White "Hartmann, Lorenz"]
[Black "Philippin, Otto"]
[Result "1-0"]
[WhiteElo "1860"]
[BlackElo "1692"]
[PlyCount "71"]
[EventDate "2010.??.??"]
[WhiteTeam "SC Heitersheim"]
[BlackTeam "SVG Vaihingen/Enz"]

1. Nf3 Nf6 2. g3 d6 3. Bg2 Nbd7 4. O-O c6 5. d3 Qc7 6. e4 e5 7. Nh4 Be7 8. Nf5
Bf8 9. f4 h5 10. h3 g6 11. Nh4 Qb6+ 12. Kh2 Rg8 13. Nd2 Be7 14. Nc4 Qc7 15.
fxe5 dxe5 16. a4 c5 17. a5 Rb8 18. Nf3 b5 19. axb6 axb6 20. Nfxe5 g5 21. Nxd7
Nxd7 22. Qxh5 Nf6 23. Qf3 Bb7 24. Ra7 Ra8 25. Rxa8+ Bxa8 26. Bd2 b5 27. Ra1 Bc6
28. Na5 Ba8 29. Nc4 Bc6 30. Ba5 Qb8 31. Ne3 g4 32. hxg4 Bd7 33. e5 Bxg4 34. Qa8
Nd7 35. Qxb8+ Nxb8 36. Bc7 1-0